00000000nam 2200000zi 4500
0019.943481
003CaOODSP
00520250109131434
006m     o  d f      
007cr |n|||||||||
008240920t20242024oncad   ob   f000 0 eng d
020 |a9780660732541
040 |aCaOODSP|beng|erda|cCaOODSP
043 |an-cn---
0861 |aM103-3/81-2024E-PDF
1001 |aDjamai, N., |eauthor.
24510|aPython version of simplified level 2 prototype processor for retrieving canopy biophysical variables from Sentinel 2 multispectral data / |cN. Djamai, R.A. Fernandes, L. Sun, F. Canisius, and G. Hong.
264 1|a[Ottawa] : |bGeomatics Canada, |c2024.
264 4|c©2024
300 |a1 online resource (i, 9 pages) : |bcolour illustration, charts.
336 |atext|btxt|2rdacontent
337 |acomputer|bc|2rdamedia
338 |aonline resource|bcr|2rdacarrier
4901 |aOpen file, |x2292-7875 ; |v81
504 |aIncludes bibliographical references (pages 8-9).
650 0|aPhytogeography|xMaps.
650 0|aPhytogeography|xClimatic factors.
650 6|aPhytogéographie|xCartes.
650 6|aPhytogéographie|xFacteurs climatiques.
7102 |aGeomatics Canada, |eissuing body.
830#0|aOpen file (Geomatics Canada)|v81.|w(CaOODSP)9.821474
85640|qPDF|s914 KB|uhttps://publications.gc.ca/collections/collection_2025/rncan-nrcan/M103-3-81-2024-eng.pdf
8564 |qHTML|sN/A|uhttps://doi.org/10.4095/p8stuehwyc